[Event "Tata Steel Chess India 2024 - Blitz"]
[Site "Kolkata"]
[Date "16.11.2024"]
[Round "4B"]
[White "Erigaisi, Arjun"]
[Black "Nihal, Sarin"]
[Result "1-0"]
[WhiteTitle "GM"]
[BlackTitle "GM"]
[WhiteElo "2799"]
[BlackElo "2676"]
[WhiteFideId "35009192"]
[BlackFideId "25092340"]
[EventDate "2024.11.16"]

1. d4 Nf6 2. c4 e6 3. Nc3 d5 4. cxd5 exd5 5. Bg5 Be7 6. e3 O-O 7. Bd3 Re8 8. h3
h6 9. Bf4 c5 10. Nf3 Nc6 11. O-O a6 12. dxc5 Bxc5 13. Rc1 Ba7 14. Bb1 d4 15.
exd4 Nxd4 16. Nxd4 Bxd4 17. Qf3 Qb6 18. Rcd1 Be6 19. Ne4 Rad8 20. Nxf6+ Bxf6 21.
Bxh6 Qxb2 22. Be3 Bxa2 23. Be4 Rxd1 24. Rxd1 b5 25. Qf5 g6 26. Qg4 Be6 27. Qf3
Kg7 28. g4 Qe5 29. g5 Rd8 30. Qxf6+ 1-0

[Event "Tata Steel Chess India 2024 - Blitz"]
[Site "Kolkata"]
[Date "16.11.2024"]
[Round "5B"]
[White "Abdusattorov, Nodirbek"]
[Black "Praggnanandhaa, Rameshbabu"]
[Result "0-1"]
[WhiteTitle "GM"]
[BlackTitle "GM"]
[WhiteElo "2777"]
[BlackElo "2737"]
[WhiteFideId "14204118"]
[BlackFideId "25059530"]
[EventDate "2024.11.16"]

1. c4 Nf6 2. Nc3 g6 3. d4 Bg7 4. e4 d6 5. Nge2 O-O 6. f3 Nfd7 7. Be3 c5 8. d5 b5
9. cxb5 a6 10. Ng3 h5 11. Be2 h4 12. Nf1 axb5 13. Bxb5 Qa5 14. Be2 Bxc3+ 15.
bxc3 Qxc3+ 16. Kf2 Ba6 17. Nd2 Ne5 18. Qb3 Qa5 19. Rhb1 Bxe2 20. Kxe2 Nbd7 21.
Qb5 Qa7 22. Qb7 Qa4 23. Qb5 Qa7 24. Qb7 f6 25. h3 g5 26. a4 Qa5 27. Qb5 Kf7 28.
Bg1 Qa7 29. Qb7 Qa6+ 30. Qxa6 Rxa6 31. a5 Rfa8 32. Rb5 Nb6 33. Bh2 Nbc4 34. Bxe5
Nxe5 35. Ra4 Ke8 36. Nf1 Kd7 37. Ne3 Kc7 38. Kd2 Rb8 39. Rxb8 Kxb8 40. Kc3 Ra7
41. Nf5 Ng6 42. Kc4 Rb7 43. Ra2 Ka7 44. Kc3 Ka6 45. Ne3 Rb5 46. Nf5 Rb1 47. Kc2
Rb4 48. Kc3 Rb5 49. Ne3 Rxa5 50. Rb2 Ra3+ 51. Kd2 Nf4 52. Rb8 Rd3+ 0-1

[Event "Tata Steel Chess India 2024 - Blitz"]
[Site "Kolkata"]
[Date "16.11.2024"]
[Round "5B"]
[White "Keymer, Vincent"]
[Black "Carlsen, Magnus"]
[Result "0-1"]
[WhiteTitle "GM"]
[BlackTitle "GM"]
[WhiteElo "2733"]
[BlackElo "2831"]
[WhiteFideId "12940690"]
[BlackFideId "1503014"]
[EventDate "2024.11.16"]

1. c4 c5 2. Nf3 g6 3. d4 cxd4 4. Nxd4 Bg7 5. e4 Nc6 6. Be3 Qb6 7. Nb5 Qa5+ 8.
N5c3 Nf6 9. f3 d6 10. Be2 O-O 11. O-O Be6 12. Qd2 Nd7 13. Rc1 Rac8 14. Na3 f5
15. exf5 gxf5 16. Nab5 Nde5 17. b3 f4 18. Bf2 a6 19. Nd4 Nxd4 20. Bxd4 b5 21.
cxb5 axb5 22. Rd1 b4 23. Ne4 Bf5 24. Qxf4 Rc2 25. Qe3 Rxa2 26. Rxa2 Qxa2 27. Ng3
Bc2 28. Rd2 Qxb3 29. Qxb3+ Bxb3 30. Nh5 Bh8 31. f4 Nc6 32. Bxh8 Kxh8 33. Bb5 Bf7
34. Bxc6 Bxh5 35. g3 Bf7 36. Rb2 b3 37. Kf2 Rc8 38. Be4 Kg7 39. Ke3 h5 40. Bd3
Kf6 41. h3 Rg8 42. Rg2 Bd5 43. Rg1 b2 44. g4 hxg4 45. hxg4 Rb8 46. g5+ Kg7 47.
Bb1 e6 48. f5 exf5 49. Bxf5 Ba2 50. Bb1 Bxb1 51. Rxb1 Kg6 0-1

[Event "Tata Steel Chess India 2024 - Blitz"]
[Site "Kolkata"]
[Date "16.11.2024"]
[Round "5B"]
[White "Nihal, Sarin"]
[Black "Vidit, Santosh Gujrathi"]
[Result "1-0"]
[WhiteTitle "GM"]
[BlackTitle "GM"]
[WhiteElo "2676"]
[BlackElo "2739"]
[WhiteFideId "25092340"]
[BlackFideId "5029465"]
[EventDate "2024.11.16"]

1. e4 e5 2. Nf3 Nc6 3. Bb5 Nf6 4. d3 Bc5 5. Nc3 O-O 6. Bg5 h6 7. Bh4 d6 8. Qd2
Be6 9. Bxc6 bxc6 10. Ne2 Kh7 11. h3 Rg8 12. g4 g5 13. Bg3 Kg7 14. O-O-O Rb8 15.
a3 Kf8 16. Qc3 Qe7 17. Rhe1 h5 18. gxh5 Bxh3 19. d4 Nxe4 20. Qe3 Nxg3 21. Nxg3
Bb6 22. Qc3 Bg4 23. dxe5 d5 24. e6 fxe6 25. Nd4 Qf7 26. f3 Bxd4 27. Rxd4 Bxh5
28. Qc5+ Kg7 29. Qxc6 Bg6 30. Qc3 Qf6 31. f4 gxf4 32. Rxe6 Qxe6 33. Re4+ Qf6 34.
Re7+ Bf7 35. Nh5+ Kh6 36. Qxf6+ 1-0

[Event "Tata Steel Chess India 2024 - Blitz"]
[Site "Kolkata"]
[Date "16.11.2024"]
[Round "5B"]
[White "Dubov, Daniil"]
[Black "Erigaisi, Arjun"]
[Result "1/2-1/2"]
[WhiteTitle "GM"]
[BlackTitle "GM"]
[WhiteElo "2693"]
[BlackElo "2799"]
[WhiteFideId "24126055"]
[BlackFideId "35009192"]
[EventDate "2024.11.16"]

1. d4 Nf6 2. c4 e6 3. Nf3 c5 4. g3 cxd4 5. Nxd4 d5 6. Bg2 e5 7. Nf3 d4 8. O-O
Nc6 9. e3 Be7 10. exd4 exd4 11. Nbd2 O-O 12. Nb3 d3 13. Be3 Bg4 14. h3 Bh5 15.
g4 Bg6 16. Nfd4 Nxd4 17. Nxd4 Qd7 18. Qb3 h5 19. Qxb7 Qxb7 20. Bxb7 Rab8 21. Bf3
hxg4 22. hxg4 Rxb2 23. Rfd1 Bc5 24. Nf5 Bxe3 25. Nxe3 Ne4 26. Rxd3 Nxf2 27. Rb3
Nh3+ 28. Kh1 Rf2 29. Rf1 Rxf3 30. Rxf3 Be4 31. Ng2 Bxf3 32. Rxf3 Ng5 33. Ra3 Rd8
34. Ne3 Rd2 35. Kg1 g6 36. Kf1 Rd7 37. Ke2 Kg7 38. Nd5 Ne4 39. Ke3 Nf6 40. Nxf6
Kxf6 41. Ra6+ Kg5 42. c5 Kxg4 43. c6 Rc7 44. Ke4 f5+ 45. Ke5 f4 46. Kd6 Rc8 47.
Kd7 Rh8 48. c7 g5 49. Re6 f3 50. Re8 Rh7+ 51. Re7 Rh8 52. Re8 Rh7+ 53. Re7 Rh8
54. Re8 1/2-1/2

[Event "Tata Steel Chess India 2024 - Blitz"]
[Site "Kolkata"]
[Date "16.11.2024"]
[Round "5B"]
[White "So, Wesley"]
[Black "Narayanan, S.L."]
[Result "0-1"]
[WhiteTitle "GM"]
[BlackTitle "GM"]
[WhiteElo "2747"]
[BlackElo "2647"]
[WhiteFideId "5202213"]
[BlackFideId "5058422"]
[EventDate "2024.11.16"]

1. e4 e5 2. Nf3 Nc6 3. Bc4 Bc5 4. d3 Nf6 5. Bg5 h6 6. Bh4 d6 7. c3 a5 8. Nbd2 g5
9. Bg3 O-O 10. O-O Ba7 11. a3 a4 12. Bb5 Ne7 13. Bxa4 Nh5 14. Bb3 Nxg3 15. hxg3
Ng6 16. Nc4 g4 17. Nh2 h5 18. d4 Qf6 19. Ne3 c6 20. dxe5 Nxe5 21. Kh1 Bxe3 22.
fxe3 Qe7 23. Qd2 Be6 24. Bxe6 fxe6 25. Rad1 h4 26. Qe1 Rxf1+ 27. Nxf1 Rf8 28.
Nh2 hxg3 29. Qxg3 Qh7 30. Kg1 Qxe4 31. Nf1 Qf5 32. Qf4 Qxf4 33. exf4 Rxf4 34.
Rxd6 Nc4 35. Rxe6 Nxb2 36. Ne3 Nc4 37. Rg6+ Kf7 38. Rxg4 Rxg4 39. Nxg4 Nxa3 40.
Kf2 Ke6 41. Ke2 b5 42. Ne3 c5 43. Kd3 Ke5 44. g3 Nb1 45. Kc2 Ke4 46. Nf1 Na3+
47. Kb3 Nc4 48. g4 Kf4 49. Nh2 Ne5 50. Nf1 Nxg4 51. Nd2 Ne3 52. Kb2 Nc4+ 53.
Nxc4 bxc4 0-1

[Event "Tata Steel Chess India 2024 - Blitz"]
[Site "Kolkata"]
[Date "16.11.2024"]
[Round "6B"]
[White "Vidit, Santosh Gujrathi"]
[Black "Dubov, Daniil"]
[Result "1/2-1/2"]
[WhiteTitle "GM"]
[BlackTitle "GM"]
[WhiteElo "2739"]
[BlackElo "2693"]
[WhiteFideId "5029465"]
[BlackFideId "24126055"]
[EventDate "2024.11.16"]

1. d4 Nf6 2. c4 e6 3. Nf3 Nc6 4. Nc3 Bb4 5. Bd2 O-O 6. a3 Bxc3 7. Bxc3 Ne4 8.
Qc2 Nxc3 9. Qxc3 d6 10. d5 Ne7 11. dxe6 Bxe6 12. e3 h6 13. Be2 c5 14. O-O Qc7
15. Rac1 b6 16. h3 d5 17. cxd5 Nxd5 18. Qe5 Rac8 19. Rfd1 Nf6 20. Ba6 Qxe5 21.
Nxe5 Rc7 22. b4 Re8 23. bxc5 bxc5 24. Nd3 Bb3 25. Rd2 c4 26. Nb4 Re5 27. Rd4 c3
28. Rd3 Rec5 29. Rd8+ Kh7 30. Bd3+ g6 31. Na6 Rc8 32. Nxc5 Rxd8 33. Rxc3 Bd5 34.
Na6 Ne8 35. Nb4 Bb7 36. Rc5 Kg7 37. Ra5 Ra8 38. Bb5 Nd6 39. Bd3 g5 40. f3 Kf6
41. Kf2 Ke7 42. g4 Kf6 43. Kg3 Re8 44. e4 Re5 45. Rxa7 Rc5 46. Ba6 Bxe4 47. fxe4
Rc3+ 48. Bd3 Ke5 49. Kf3 Nc4 50. Re7+ Kf6 51. Ra7 Ne5+ 52. Ke3 Rb3 53. Kd4 Nf3+
54. Ke3 Ne5 55. Ra6+ Kg7 56. Kd4 Nf3+ 57. Kd5 Ng1 58. Ra7 Nxh3 59. Bc4 Rf3 60.
Kc5 Nf2 61. e5 Kg6 62. Bd5 Rf4 63. Nc6 Nxg4 64. Kd6 h5 65. Nd8 Rd4 66. Nxf7 Ne3
67. Nh8+ Kf5 68. Rf7+ Kg4 69. e6 Rxd5+ 70. Kc6 Re5 71. Kd6 Nc4+ 72. Kd7 Re3 73.
Ng6 Nb6+ 74. Kd6 h4 75. Ne5+ Kg3 76. Rf8 Rc3 77. Rf5 g4 78. Rg5 Nc4+ 79. Nxc4
Rxc4 80. e7 Rc8 81. Kd7 Ra8 82. Ra5 Rg8 83. Rg5 Ra8 84. Ra5 Rg8 85. Rg5 Ra8 86.
Ra5 Rg8 1/2-1/2

[Event "Tata Steel Chess India 2024 - Blitz"]
[Site "Kolkata"]
[Date "16.11.2024"]
[Round "6B"]
[White "Carlsen, Magnus"]
[Black "Nihal, Sarin"]
[Result "1-0"]
[WhiteTitle "GM"]
[BlackTitle "GM"]
[WhiteElo "2831"]
[BlackElo "2676"]
[WhiteFideId "1503014"]
[BlackFideId "25092340"]
[EventDate "2024.11.16"]

1. d4 Nf6 2. c4 e6 3. Nf3 d5 4. g3 Bb4+ 5. Nbd2 O-O 6. Bg2 b6 7. O-O Bb7 8. b3
Nbd7 9. Bb2 Re8 10. Rc1 Bf8 11. cxd5 Bxd5 12. Re1 c5 13. e4 Bb7 14. e5 Nd5 15.
Ne4 Rc8 16. Nfd2 b5 17. Nd6 Bxd6 18. exd6 c4 19. bxc4 bxc4 20. Nxc4 N7b6 21. Na5
Ba6 22. Ba3 Qd7 23. Bc5 h6 24. h3 Red8 25. Qd2 Qa4 26. Be4 Nf6 27. Bf3 Nfd5 28.
Kg2 Qd7 29. h4 Bb5 30. Ba3 Nc4 31. Nxc4 Bxc4 32. Rc2 Nf6 33. Rec1 Bd5 34. Bxd5
Rxc2 35. Qxc2 Nxd5 36. Qc6 Qxc6 37. Rxc6 f6 38. Bc5 Rd7 39. Ra6 Nb6 40. a4 Kf7
41. a5 Nc4 42. Kf3 e5 43. d5 f5 44. Rxa7 Rxa7 45. Bxa7 Nxa5 46. d7 Nb7 47. Bc5
g6 48. Ke3 Kf6 49. Bf8 Kf7 50. Bb4 Kf6 51. Kd3 g5 52. hxg5+ hxg5 53. Kc4 e4 54.
Kb5 Nd8 55. Kb6 f4 56. gxf4 gxf4 57. Kc7 Nf7 58. Bd2 Ke5 59. d6 e3 60. fxe3 fxe3
61. Bxe3 Kd5 62. Bf4 1-0

[Event "Tata Steel Chess India 2024 - Blitz"]
[Site "Kolkata"]
[Date "16.11.2024"]
[Round "6B"]
[White "Narayanan, S.L."]
[Black "Erigaisi, Arjun"]
[Result "1/2-1/2"]
[WhiteTitle "GM"]
[BlackTitle "GM"]
[WhiteElo "2647"]
[BlackElo "2799"]
[WhiteFideId "5058422"]
[BlackFideId "35009192"]
[EventDate "2024.11.16"]

1. e4 c5 2. Nf3 e6 3. d4 cxd4 4. Qxd4 Nc6 5. Qe3 Be7 6. Bd3 Nf6 7. O-O d5 8.
exd5 exd5 9. c3 O-O 10. Nbd2 Re8 11. Nb3 Bg4 12. Nfd4 Bd6 13. Qd2 Ne4 14. Qc2
Ne5 15. h3 Qh4 16. Bxe4 dxe4 17. Qxe4 Qh5 18. Qc2 Re6 19. f4 Bxh3 20. f5 Ng4 21.
gxh3 Qxh3 22. Qg2 Bh2+ 23. Kh1 Qh5 24. fxe6 Bg3+ 25. Kg1 Bh2+ 26. Kh1 Bg3+ 27.
Kg1 Bh2+ 1/2-1/2

[Event "Tata Steel Chess India 2024 - Blitz"]
[Site "Kolkata"]
[Date "16.11.2024"]
[Round "6B"]
[White "Praggnanandhaa, Rameshbabu"]
[Black "Keymer, Vincent"]
[Result "1-0"]
[WhiteTitle "GM"]
[BlackTitle "GM"]
[WhiteElo "2737"]
[BlackElo "2733"]
[WhiteFideId "25059530"]
[BlackFideId "12940690"]
[EventDate "2024.11.16"]

1. e4 e5 2. Nf3 Nc6 3. g3 Nf6 4. d3 Bc5 5. Bg2 d6 6. Nc3 h6 7. Na4 Bb6 8. a3 O-O
9. O-O Be6 10. b4 Qd7 11. Rb1 Bh3 12. c4 Bd4 13. Be3 Bxe3 14. fxe3 Bg4 15. Nc3
Ne7 16. Qd2 Nh7 17. Nh4 c6 18. b5 g6 19. d4 Qc7 20. bxc6 bxc6 21. h3 Bd7 22.
Rbd1 Rad8 23. Kh2 Kg7 24. Nf3 Be6 25. d5 Bc8 26. c5 Nf6 27. Nxe5 dxe5 28. d6 Qd7
29. dxe7 Qxe7 30. Qf2 Rxd1 31. Nxd1 Nd7 32. Nb2 Nxc5 33. Rc1 Bd7 34. Qc2 Ne6 35.
Nc4 Ng5 36. Qc3 f6 37. h4 Nf7 38. Na5 Rc8 39. Nb7 c5 40. Nxc5 Bg4 41. Qb4 Rc7
42. Rc3 h5 43. Bh3 Nh6 44. Kg2 Bxh3+ 45. Kxh3 Kh7 46. Kg2 Ng4 47. Na6 Rb7 48.
Qxe7+ Rxe7 49. Nb4 Rd7 50. Nd5 f5 51. Kf3 Kg7 52. Rc5 Nh2+ 53. Ke2 Ng4 54. Nc3
Kf7 55. Ra5 Rb7 56. Nb5 Ke8 57. Nd6+ 1-0

[Event "Tata Steel Chess India 2024 - Blitz"]
[Site "Kolkata"]
[Date "16.11.2024"]
[Round "6B"]
[White "So, Wesley"]
[Black "Abdusattorov, Nodirbek"]
[Result "0-1"]
[WhiteTitle "GM"]
[BlackTitle "GM"]
[WhiteElo "2747"]
[BlackElo "2777"]
[WhiteFideId "5202213"]
[BlackFideId "14204118"]
[EventDate "2024.11.16"]

1. c4 c5 2. g3 g6 3. Bg2 Bg7 4. Nc3 Nc6 5. Nf3 d6 6. O-O Bf5 7. h3 e5 8. d3 Nge7
9. a3 O-O 10. Rb1 a5 11. Ne1 Be6 12. Bg5 Qd7 13. Nd5 Bxd5 14. cxd5 Na7 15. Bd2
a4 16. Nc2 b5 17. e4 Nac8 18. h4 Nb6 19. h5 f5 20. Bh3 Qe8 21. hxg6 Qxg6 22. Qe2
c4 23. Ne3 f4 24. Nf5 Nxf5 25. Bxf5 Rxf5 26. exf5 Qxf5 27. Qe4 Qh3 28. Bb4 Rf8
29. Qg2 Qh6 30. Qh1 Qxh1+ 31. Kxh1 cxd3 32. Bxd6 Rf6 33. Bc5 Nxd5 34. Kg2 f3+
35. Kg1 e4 36. Bd4 Rc6 37. Bxg7 Kxg7 38. Rfc1 Rc4 39. Re1 Kf6 40. Red1 Ke5 41.
b3 Rc2 42. bxa4 Nc3 43. axb5 Nxb1 0-1

[Event "Tata Steel Chess India 2024 - Blitz"]
[Site "Kolkata"]
[Date "16.11.2024"]
[Round "7B"]
[White "Keymer, Vincent"]
[Black "So, Wesley"]
[Result "1-0"]
[WhiteTitle "GM"]
[BlackTitle "GM"]
[WhiteElo "2733"]
[BlackElo "2747"]
[WhiteFideId "12940690"]
[BlackFideId "5202213"]
[EventDate "2024.11.16"]

1. c4 c6 2. Nf3 d5 3. e3 Nf6 4. Nc3 e6 5. b3 Bd6 6. Bb2 O-O 7. Be2 Nbd7 8. Qc2
Qe7 9. Rg1 Ne5 10. Nxe5 Bxe5 11. f4 Bd6 12. g4 Re8 13. g5 Nd7 14. O-O-O Ba3 15.
d4 a5 16. Bd3 Nf8 17. c5 Bxb2+ 18. Kxb2 b6 19. cxb6 c5 20. Nb5 c4 21. bxc4 dxc4
22. Qxc4 Nd7 23. Nc7 Nxb6 24. Qc2 Rb8 25. Nxe8 Nc4+ 26. Ka1 Nxe3 27. Qc7 Qb4 28.
Nf6+ 1-0

[Event "Tata Steel Chess India 2024 - Blitz"]
[Site "Kolkata"]
[Date "16.11.2024"]
[Round "7B"]
[White "Nihal, Sarin"]
[Black "Praggnanandhaa, Rameshbabu"]
[Result "0-1"]
[WhiteTitle "GM"]
[BlackTitle "GM"]
[WhiteElo "2676"]
[BlackElo "2737"]
[WhiteFideId "25092340"]
[BlackFideId "25059530"]
[EventDate "2024.11.16"]

1. e4 c5 2. Nf3 Nc6 3. Bb5 e6 4. O-O Nge7 5. Re1 Nd4 6. Bf1 Nec6 7. c3 Nxf3+ 8.
Qxf3 Be7 9. d3 O-O 10. Qg3 Bh4 11. Qh3 e5 12. Qf3 d6 13. g3 Bg5 14. Bxg5 Qxg5
15. Na3 Be6 16. h4 Qe7 17. Nc4 f5 18. exf5 Rxf5 19. Qd1 Raf8 20. Re2 R5f6 21.
Qe1 Bg4 22. Ne3 Bf3 23. Bg2 Bxg2 24. Kxg2 Qf7 25. Kg1 Rf3 26. Qf1 Qg6 27. Rd1
Rxg3+ 28. fxg3 Rxf1+ 29. Nxf1 h6 30. Rf2 Ne7 31. Kh2 Nf5 32. Re1 h5 33. Rf3 Qg4
34. Rf2 Qg6 35. Rf3 Nh6 36. Nd2 d5 37. Kg2 Ng4 38. Re2 b5 39. b3 Qa6 40. Nf1 b4
41. c4 e4 42. dxe4 dxc4 43. bxc4 Qxc4 44. Rd2 Qxe4 45. Rd8+ Kh7 46. Rf8 Ne5 47.
Rf4 Qc6 48. Nd2 c4 49. Rf5 Nxf3 50. Nxf3 c3 51. Kf2 c2 0-1

[Event "Tata Steel Chess India 2024 - Blitz"]
[Site "Kolkata"]
[Date "16.11.2024"]
[Round "7B"]
[White "Dubov, Daniil"]
[Black "Carlsen, Magnus"]
[Result "1/2-1/2"]
[WhiteTitle "GM"]
[BlackTitle "GM"]
[WhiteElo "2693"]
[BlackElo "2831"]
[WhiteFideId "24126055"]
[BlackFideId "1503014"]
[EventDate "2024.11.16"]

1. d4 d5 2. c4 c6 3. Nf3 Nf6 4. cxd5 cxd5 5. Nc3 Nc6 6. Bf4 Bf5 7. Qb3 Na5 8.
Qa4+ Bd7 9. Qd1 Nh5 10. Bd2 Nf6 11. Ne5 Nc6 12. Bf4 Nh5 13. Be3 Nf6 14. Bf4 Nh5
15. Be3 e6 16. Nxd7 Qxd7 17. Bd2 Nf6 18. e3 Be7 19. Be2 O-O 20. O-O Rfc8 21. Qa4
a6 22. Rfc1 g6 23. g3 h5 24. h4 Qd8 25. Qd1 Na5 26. Rc2 Nc4 27. Be1 Rc7 28. Rac1
Rac8 29. Na4 Nd7 30. b3 Nd6 31. Nc5 Qe8 32. Bd3 Nf6 33. Na4 Rxc2 34. Rxc2 Nf5
35. Rxc8 Qxc8 36. Qc2 Qd8 37. Nc5 Qc7 38. Ne4 Qxc2 39. Nxf6+ Bxf6 40. Bxc2 Be7
41. Kf1 1/2-1/2

[Event "Tata Steel Chess India 2024 - Blitz"]
[Site "Kolkata"]
[Date "16.11.2024"]
[Round "7B"]
[White "Abdusattorov, Nodirbek"]
[Black "Narayanan, S.L."]
[Result "1-0"]
[WhiteTitle "GM"]
[BlackTitle "GM"]
[WhiteElo "2777"]
[BlackElo "2647"]
[WhiteFideId "14204118"]
[BlackFideId "5058422"]
[EventDate "2024.11.16"]

1. e4 e5 2. Nf3 Nc6 3. Nc3 Nf6 4. Bb5 Nd4 5. Bc4 Bc5 6. d3 d6 7. Nxd4 Bxd4 8.
Qf3 h6 9. Ne2 Bb6 10. h3 Be6 11. Bd2 Bxc4 12. dxc4 Qe7 13. O-O-O Qe6 14. b3
O-O-O 15. Be3 Bxe3+ 16. Qxe3 Kb8 17. Nc3 a6 18. Rd3 Nd7 19. Rhd1 f5 20. f3 g5
21. Kb2 Rdf8 22. exf5 Qxf5 23. Ne4 b6 24. Nxd6 cxd6 25. Rxd6 Rf7 26. Rxd7 1-0

[Event "Tata Steel Chess India 2024 - Blitz"]
[Site "Kolkata"]
[Date "16.11.2024"]
[Round "7B"]
[White "Erigaisi, Arjun"]
[Black "Vidit, Santosh Gujrathi"]
[Result "1-0"]
[WhiteTitle "GM"]
[BlackTitle "GM"]
[WhiteElo "2799"]
[BlackElo "2739"]
[WhiteFideId "35009192"]
[BlackFideId "5029465"]
[EventDate "2024.11.16"]

1. d4 Nf6 2. c4 e6 3. Nc3 Bb4 4. Nf3 d5 5. cxd5 exd5 6. Bf4 O-O 7. e3 Bf5 8. Qb3
Qe7 9. Rc1 c6 10. Be2 Ne4 11. O-O Bxc3 12. bxc3 g5 13. Bg3 h5 14. Qb4 Re8 15.
Qxe7 Rxe7 16. c4 dxc4 17. Bxc4 Nd7 18. d5 cxd5 19. Bxd5 Ndf6 20. Bb3 h4 21. Be5
Ne8 22. Bb2 h3 23. Nd4 hxg2 24. Kxg2 Bg6 25. Rfd1 Ng7 26. f3 Nf6 27. e4 Nfh5 28.
Kf2 Nf4 29. Rc5 Kh7 30. Ke3 f6 31. Ne2 Nxe2 32. Bxf6 Ree8 33. Rc7 Nf4 34. Rxg7+
Kh6 35. h4 Ng2+ 36. Kf2 Nxh4 37. Rg1 Rf8 38. e5 Rad8 39. Rxb7 Rd3 40. Bg7+ Kh5
41. Bxf8 Rxf3+ 42. Ke1 Rxf8 43. Bd1+ Kh6 44. Rxa7 Re8 45. Ra5 Be4 46. Rf1 Ng6
47. Rf6 Kg7 48. Ra7+ Kh6 49. e6 g4 50. Ba4 Rb8 1-0

[Event "Tata Steel Chess India 2024 - Blitz"]
[Site "Kolkata"]
[Date "16.11.2024"]
[Round "8B"]
[White "Narayanan, S.L."]
[Black "Vidit, Santosh Gujrathi"]
[Result "0-1"]
[WhiteTitle "GM"]
[BlackTitle "GM"]
[WhiteElo "2647"]
[BlackElo "2739"]
[WhiteFideId "5058422"]
[BlackFideId "5029465"]
[EventDate "2024.11.16"]

1. d4 Nf6 2. Nf3 d5 3. Bg5 Ne4 4. Bf4 c5 5. e3 Nc6 6. Nc3 Qa5 7. Bb5 Nxc3 8.
Bxc6+ bxc6 9. Qd2 f6 10. Qxc3 Qxc3+ 11. bxc3 Ba6 12. Nd2 c4 13. e4 e6 14. f3 Kd7
15. Kf2 Ba3 16. Rab1 Rhe8 17. h4 e5 18. Be3 Reb8 19. dxe5 fxe5 20. Rxb8 Rxb8 21.
Rb1 Rb2 22. Rxb2 Bxb2 23. Nb1 d4 24. Bd2 c5 25. Ke1 Bb5 26. Kd1 Ba4 27. Bc1 Ba1
28. Kd2 Kc6 29. Ba3 Kb6 30. cxd4 exd4 31. c3 Kc6 32. f4 h5 33. Kc1 dxc3 34. e5
Kd5 35. g3 g6 36. e6 Kxe6 37. Bxc5 Bb2# 0-1

[Event "Tata Steel Chess India 2024 - Blitz"]
[Site "Kolkata"]
[Date "16.11.2024"]
[Round "8B"]
[White "Carlsen, Magnus"]
[Black "Erigaisi, Arjun"]
[Result "0-1"]
[WhiteTitle "GM"]
[BlackTitle "GM"]
[WhiteElo "2831"]
[BlackElo "2799"]
[WhiteFideId "1503014"]
[BlackFideId "35009192"]
[EventDate "2024.11.16"]

1. e4 c5 2. Nf3 e6 3. c4 Nc6 4. d4 cxd4 5. Nxd4 Nf6 6. Nc3 Bc5 7. Nc2 Qb6 8. Qd2
Ng4 9. f3 Nf2 10. Na4 Qc7 11. Nxc5 Nxh1 12. Qf4 Qa5+ 13. b4 Nxb4 14. Kd1 Nf2+
15. Ke2 Nxc2 16. Be3 Nxa1 17. Qe5 Qxa2+ 18. Bd2 f6 19. Qd6 b6 20. Nxe6 Qxc4+ 0-1

[Event "Tata Steel Chess India 2024 - Blitz"]
[Site "Kolkata"]
[Date "16.11.2024"]
[Round "8B"]
[White "Praggnanandhaa, Rameshbabu"]
[Black "Dubov, Daniil"]
[Result "1-0"]
[WhiteTitle "GM"]
[BlackTitle "GM"]
[WhiteElo "2737"]
[BlackElo "2693"]
[WhiteFideId "25059530"]
[BlackFideId "24126055"]
[EventDate "2024.11.16"]

1. e4 c5 2. Nf3 d6 3. Bb5+ Bd7 4. Bxd7+ Qxd7 5. O-O Nc6 6. d3 e6 7. c4 Be7 8. d4
cxd4 9. Nxd4 Bf6 10. Be3 Nge7 11. Nc3 O-O 12. Rc1 Rfd8 13. b3 Rac8 14. h3 h6 15.
Re1 d5 16. exd5 exd5 17. cxd5 Nxd5 18. Nxd5 Bxd4 19. Bxd4 Qxd5 20. Be3 Qxd1 21.
Rexd1 f6 22. g4 Kf7 23. Kg2 Ke6 24. Re1 Kf7 25. Red1 Ke6 26. Kg3 Rxd1 27. Rxd1
Rc7 28. h4 Nb4 29. Bxa7 Nxa2 30. Rd3 Rc3 31. Rxc3 Nxc3 32. Kf4 Nd5+ 33. Ke4 Nc3+
34. Kd3 Nd5 35. Kd4 h5 36. gxh5 Nf4 37. h6 gxh6 38. Ke4 Nh5 39. Be3 Ng7 40. Bxh6
Nf5 41. Bf4 Nxh4 42. Kd4 Nf5+ 43. Kc5 Kd7 44. Bh2 Ne7 45. Bg3 Ng6 46. Bh2 Ne7
47. Bf4 Ng6 48. Bg3 Nf8 49. Kd5 Ne6 50. Bd6 Ng5 51. Bh2 Ne6 52. Bg3 Ng7 53. Bh4
Ke7 54. Kc5 Nf5 55. Bg3 Kd7 56. Bf4 Ne7 57. Bd2 Ng6 58. Bc3 Ke6 59. Kb6 Nf4 60.
Kxb7 Nd3 61. Bd4 Kd5 62. Ba7 Nc1 63. b4 Kc4 64. Bc5 Nd3 65. Kc6 Nxf2 66. b5 Ne4
67. Bf8 Ng5 68. b6 Ne6 69. Be7 Nd4+ 70. Kc7 Kd5 71. b7 Nc6 72. Bxf6 Kc5 73. Be7+
Kd5 74. Bf8 1-0

[Event "Tata Steel Chess India 2024 - Blitz"]
[Site "Kolkata"]
[Date "16.11.2024"]
[Round "8B"]
[White "So, Wesley"]
[Black "Nihal, Sarin"]
[Result "1-0"]
[WhiteTitle "GM"]
[BlackTitle "GM"]
[WhiteElo "2747"]
[BlackElo "2676"]
[WhiteFideId "5202213"]
[BlackFideId "25092340"]
[EventDate "2024.11.16"]

1. e4 c5 2. Nf3 Nc6 3. Bb5 d5 4. exd5 Qxd5 5. Nc3 Qe6+ 6. Qe2 Qxe2+ 7. Kxe2 Bd7
8. Rd1 O-O-O 9. d4 cxd4 10. Bxc6 Bxc6 11. Nxd4 Bxg2 12. Be3 a6 13. f3 Bh3 14.
Na4 e5 15. Nb3 Be7 16. Nb6+ Kb8 17. Nc4 f6 18. Nc5 Nh6 19. Bxh6 gxh6 20. Ne4 Be6
21. Ne3 f5 22. Nf2 Rhg8 23. Rxd8+ Bxd8 24. Rd1 Be7 25. Nd3 f4 26. Ng4 Rxg4 27.
fxg4 Bxg4+ 28. Kd2 Bxd1 29. Kxd1 Bd6 30. Nf2 Kc7 31. Kd2 Kd7 32. Kd3 Ke6 33. Ke4
Kf6 34. Kf3 Kf5 35. Ne4 Be7 36. c4 h5 37. h3 h4 38. b3 a5 39. Nc3 Bc5 40. Ne4 b6
41. Nc3 h6 42. Ne4 Be7 43. Nc3 Bf8 44. Ne4 Bb4 45. Nf2 Ke6 46. Ke4 Be7 47. Ng4
Bd6 48. Nxh6 Bc7 49. Ng4 Bd6 50. Nh2 Be7 51. Nf3 Bf6 52. Ne1 Kd6 53. Nd3 Bh8 54.
Kf3 Kc6 55. Ke4 b5 56. a4 bxc4 57. bxc4 Bg7 58. Kf3 Kd6 59. Ke4 Bh8 60. Kf3 Ke6
61. Ke4 Bf6 62. Nc5+ Kf7 63. Kf5 Be7 64. Nd3 Bd6 65. Ne1 Ke7 66. Nf3 Kd7 67.
Nxh4 Kc6 68. Nf3 Kc5 69. h4 Kxc4 70. h5 Kd3 71. h6 Bf8 72. Nxe5+ Ke3 73. Ng4+
Kf3 74. Ne5+ Kg3 75. h7 Bg7 76. Ke4 Bf6 77. Nf3 Bh8 78. Ng5 Bf6 79. Kf5 Bh8 80.
Ne4+ Kf3 81. Ng5+ Ke3 82. Kg4 Bf6 83. Nf3 Bh8 84. Nh4 Bf6 85. Ng2+ Ke4 86. Nxf4
Be5 87. Nh5 Bh8 88. Kg5 1-0